| 000 | 00607nam a22001935i 4500 | ||
|---|---|---|---|
| 001 | 165796 | ||
| 003 | ES-MaACL | ||
| 005 | 20230906213215.0 | ||
| 008 | 010608s1891 fr |||| | fre d | ||
| 040 |
_aCCPB | B _bspa _cCCPB | B |
||
| 100 | 1 |
_aStourm, René. _9108340 |
|
| 245 | 1 | 3 |
_aLe budget / _cpar René Stourm. |
| 260 |
_aParis : _bGuillaumin et C\pie\s, _c1891 ( _ePoitiers) : _fImp. Blais, Roy et Cie) |
||
| 300 |
_aXI, 623 p. ; _c23 cm. |
||
| 490 | 1 | _aCours de finances | |
| 830 | 0 |
_aCours de finances _9222496 |
|
| 852 |
_aES-MaACL _jF-5277 _z-- Enc. pasta española |
||
| 999 |
_c165796 _d165796 |
||